| 000 | 01133nam a2200241Ii 4500 | ||
|---|---|---|---|
| 003 | JO-AjNU | ||
| 005 | 20240626141532.0 | ||
| 008 | 230605s9999||||xx |||||||||||||| ||und|| | ||
| 040 |
_aJO-AjNU _bara _erda _cJO-AjNU |
||
| 041 | _aara | ||
| 050 | 1 | 4 | _aJX1990.2020 |
| 100 |
_aالعاني، ابوب عبدالله خليل _eمعد _965720 |
||
| 245 | 0 | 0 |
_aالاساس القانوني لاختصاص القاضي الوطني بالنظر في المنازعات المشوبة بعنصر اجنبي = The legal basis of the national judge specialization for disputes tainted by a foreign element _c/ اعداد ايوب عبدالله خليل العاني ؛ اشراف طلال ياسين العيسى |
| 264 | 3 | 1 | _a 2020 |
| 300 | _a100 ورقة | ||
| 336 |
_atext _btxt _2rdacontent |
||
| 337 |
_aunmediated _bn _2rdamedia |
||
| 338 |
_avolume _bnc _2rdacarrier |
||
| 500 | _aرسالة جامعية (اطروحة ماجستير) كلية الحقوق ؛ تخصص القانون ، 2020 | ||
| 650 | 4 |
_aالاختصاص القضائي _959840 |
|
| 700 |
_aطلال ياسين العيسى _eمشرف _965721 |
||
| 942 |
_2lcc _cTHS |
||
| 999 |
_c30516 _d30516 |
||